| Tag |
First Indicator |
Second Indicator |
Subfields |
| LEADER |
00000cam a2200000 i 4500 |
| 001 |
in00002775813 |
| 005 |
20150922114529.0 |
| 008 |
120709t20122012vaua b 001 0 eng |
| 010 |
|
|
|a 2012019341
|
| 020 |
|
|
|a 9780784412336 (pbk.)
|
| 020 |
|
|
|a 0784412332 (pbk.)
|
| 020 |
|
|
|z 9780784476925 (e-book)
|
| 035 |
|
|
|a (OCoLC)ocn798809711
|
| 035 |
|
|
|a (OCoLC)798809711
|
| 040 |
|
|
|a DLC
|b eng
|e rda
|c DLC
|d BTCTA
|d YDXCP
|d OCLCO
|d TXA
|d UtOrBLW
|
| 042 |
|
|
|a pcc
|
| 043 |
|
|
|a n-us-wa
|a n-us-or
|a n-us-ca
|
| 049 |
|
|
|a TXAM
|
| 050 |
0 |
0 |
|a HV551.4.W2
|b P33 2012
|
| 082 |
0 |
0 |
|a 363.34/9209795090511
|2 23
|
| 245 |
0 |
0 |
|a Pacific Northwest storms of December 1-4, 2007 :
|b lifeline performance /
|c edited by Teresa Elliott, P.E., and Alex K. Tang, P.E. ; sponsored by Technical Council on Lifeline Earthquake Engineering.
|
| 264 |
|
1 |
|a Reston, VA :
|b American Society of Civil Engineers,
|c [2012]
|
| 264 |
|
4 |
|c ©2012
|
| 300 |
|
|
|a xiv, 127 pages :
|b illustrations ;
|c 28 cm.
|
| 336 |
|
|
|a text
|b txt
|2 rdacontent
|
| 337 |
|
|
|a unmediated
|b n
|2 rdamedia
|
| 338 |
|
|
|a volume
|b nc
|2 rdacarrier
|
| 490 |
1 |
|
|a Monograph / Technical Council on Lifeline Earthquake Engineering ;
|v no. 33
|
| 504 |
|
|
|a Includes bibliographical references and index.
|
| 650 |
|
0 |
|a Emergency management
|z Washington (State)
|x Evaluation.
|
| 650 |
|
0 |
|a Winter storms
|z Washington (State)
|
| 650 |
|
0 |
|a Emergency management
|z Oregon
|x Evaluation.
|
| 650 |
|
0 |
|a Winter storms
|z Oregon.
|
| 650 |
|
0 |
|a Emergency management
|z California, Northern
|x Evaluation.
|
| 650 |
|
0 |
|a Winter storms
|z California, Northern.
|
| 700 |
1 |
|
|a Elliott, Teresa.
|
| 700 |
1 |
|
|a Tang, Alex.
|
| 830 |
|
0 |
|a Monograph (American Society of Civil Engineers. Technical Council on Lifeline Earthquake Engineering) ;
|v no. 33.
|
| 994 |
|
|
|a C0
|b TXA
|
| 948 |
|
|
|a cataloged
|b h
|c 2012/9/10
|d c
|e nbehmer
|f 1:57:56 pm
|
| 999 |
|
|
|a MARS
|
| 999 |
f |
f |
|s fc826b5d-0d6b-34cd-a78a-4315849fef25
|i 1498b092-47f6-36b8-a7a4-c6defd851e8b
|t 0
|
| 952 |
f |
f |
|p ric
|a Texas A&M University
|b Rellis Campus
|c Joint Library Facility
|d Remote Storage
|t 0
|e HV551.4.W2 P33 2012
|h Library of Congress classification
|i unmediated -- volume
|m A14841522408
|
| 998 |
f |
f |
|a HV551.4.W2 P33 2012
|t 0
|l Remote Storage
|